| 000 | 00618nam a22002297a 4500 | ||
|---|---|---|---|
| 003 | OSt | ||
| 005 | 20140310182936.0 | ||
| 008 | 130201t xxu||||| |||| 00| 0 eng d | ||
| 020 | _a9710870920 | ||
| 050 |
_aRA 410 _b.G287 2010 |
||
| 100 | _aGeniblazo, Arturo D. | ||
| 245 |
_aIntroduction to health economics / _cArturo D. Geniblazo. |
||
| 260 |
_aMandaluyong City : _bNational Book Store, _c2010. |
||
| 300 |
_av, 180 p. : _c22 cm. _bill. ; |
||
| 521 | _aNUR | ||
| 562 | _e3 | ||
| 650 |
_aMedical economics _xPhilippines |
||
| 942 |
_2lcc _cBK _kLOC |
||
| 999 |
_c17613 _d17613 |
||